Statistics for Bowling Balls by Manufacturer

Click here to take the quiz!

General Stats

  • This quiz has been taken 16 times
  • The average score is 9 of 16

Answer Stats

Answer% Correct
Roto Grip
88%
Columbia 300
75%
Hammer
75%
Motiv
75%
Roto Grip
75%
Storm
75%
900 Global
63%
Motiv
63%
Storm
63%
900 Global
50%
Ebonite
50%
Hammer
50%
Track
38%
Track
38%
Columbia 300
25%
Ebonite
25%

Score Distribution

Percentile by Number Answered

Percent of People with Each Score

Your Score History

You have not taken this quiz